000 01520nam a2200349 c 4500
003 BLK
005 20240703150759.0
008 180411b bul|||||r ||||||| ||bul||
010 _aKNG00188596000
040 _aBLK
041 _aBUL
_cBUL
080 _aАмериканска литература (на САЩ)
_b821.111(73)
_x-31
_z821.111(73)-31
100 1 _aУиндзор, Катлийн
_eпърви автор
_9132738
700 1 _aУинзор, Катлийн
_e*
_9374336
139 _aУинзор, Катлийн
_bУ 41
245 1 0 _aВечната Амбър
_bРоман : В 2 т.
_cКатлийн Уиндзор; * Катлийн Уинзор.
_nТ. 2
250 _a[3. изд.]
257 _aUSA
260 София
_bсп. Съвременник
_c1990 -
300 _c20 см
380 _aX
490 1 _aБиблиотека Съвременник
500 _aАвт. е известна като Катлийн Уинзор. - 1. изд. 1946 на изд. Сл. Атанасов в библ. Златни зърна ; Г. XI, кн. 1,2. - Ориг. загл. Forever Amber / Kathleen Winsor. - В кн. означено 2. изд.
653 _aромани
760 1 _aУиндзор, Катлийн
_b[3. изд.]
_d1990
_h416 с.
_tТ. 2
852 _aЦб 163557
856 4 _qpdf
_u
856 4 _qpdf
_u
942 _cKNG
_n0
_08
944 _aCR
_c22.06.2016
_lГалина Якимова
_k30564
944 _aED
_c27.06.2016
_lф /
_kЛюдмила_Стоянова
999 _c179791
_d179791